000 00596nam a2200229Ia 4500
003 OSt
005 20220924152506.0
006 a|||||r|||| 00| 0
007 ta
008 220923b |||||||| |||| 00| 0 mar d
024 _a342740
037 _cTextual
040 _aARTS
_cARTS
_bmar
041 _2mar
_amar
082 _aV51,1wc64, 155A
100 _aOke Vinayak Konddeo Au.
_9226818
245 0 _aLife of Alexnder the great
260 _c1800
650 _aHISTORY
942 _hV51,1wc64, 155A
_cTEXL
_2CC
999 _c470019
_d470019